Responses for Show #1265 - Friday, February 16, 1990

1990 Teen Tournament final game 2.

Contestants

[<< previous game]

Richard Morris, a senior from Auburn, Alabama (subtotal of $9,200)

Andrew McGeorge, a senior from Topeka, Kansas (subtotal of $11,500)

Jamie Weiss, a junior from Fairfax, Virginia (subtotal of $12,000)

[next game >>]

Jeopardy! Round responses

FAMOUS FIRSTS
PEOPLE
CHEMISTRY
SITCOMS
WEATHER GEAR
ENDS WITH "ASH"
    $100 30
a pay phone (or public telephone)

Jamie
    $100 29
Sting (Gordon Sumner)

Andrew
    $100 5
atoms

Richard
    $100 1
The Cosby Show

Richard
    $100 19
sunglasses

Jamie
    $100 18
cash

Jamie
    $200 27
Volvo

Andrew
    $200 28
Randy Gardner

Jamie
    $200 7
a battery

Richard
    $200 11
baseball

Andrew
    $200 20
an umbrella

Richard
    $200 17
rash

Jamie
    $300 26
(Andrew: What is Listermint?)
(Alex: No. Listermint came much later.)

Listerine

JamieAndrew
    $300 8
Marilyn Quayle

Richard
    $300 6
rust

Andrew
    $300 14
Mr. Belvedere

Andrew
    $300 24
Muff

Richard
    $300 2
dash

Richard
    $400 25
Steiff

Triple Stumper
    $1,100 9
(Richard: Who is Carver?)
(Alex: It is, I believe, the first time any of us have heard him speak)

Marcel Marceau

Richard
    $400 12
(Richard: What is freeze?)

evaporate (or boil)

AndrewRichard
    $400 15
Doogie Howser, M.D.

Richard
    $400 23
a slicker

Jamie
    $400 3
flash

Richard
    $500 22
Scrabble

Andrew
    $500 10
sisters-in-law

Jamie
    $500 13
graphite

Andrew
    $500 16
The Famous Teddy Z

Jamie
    $500 21
a mukluk

Triple Stumper
    $500 4
hash

Andrew

Scores at the first commercial break (after clue 10):

Jamie Andrew Richard
$500 $800 $300

Scores at the end of the Jeopardy! Round:

Jamie Andrew Richard
$2,400 $2,700 $800

Double Jeopardy! Round responses

U.S.A.
POETRY
WORLD LEADERS
BALLET
1985
FROM THE LATIN
    $200 28
Horses

Andrew
    $200 11
Rudyard Kipling

Richard
    $200 6
Winston Churchill

Jamie
    $200 17
"Cinderella"

Richard
    $200 2
Coca-Cola

Richard
    $200 30
Alma Mater

Andrew
    $400 27
(R: What is Salem?)
(Alex: Be more specific...)
(R: Salem, MA)

Salem, Massachusetts

Richard
    $400 26
Thomas Gray

Richard
    $1,200 5
Cairo

Jamie
    $400 16
"Romeo And Juliet"

Jamie
    $400 7
Sean Penn

Richard
    $400 29
Rest in Peace

Richard
    $600 22
Boll Weevil

Richard
    $600 25
(J: Who is Edna St. Vincent Millay?)

Emma Lazarus

JamieRichard
    $600 4
Kurt Waldheim

Jamie
    $600 15
Swan

Jamie
    $600 9
Boris Becker

Richard
    $600 24
Anno Domini

Richard
    $800 19
Covered Bridges

Jamie
    $800 23
Oliver Wendell Holmes

Jamie
    $800 1
Hirohito

Jamie
    $800 14
Bolshoi & Kirov

Richard
    $800 8
Missouri (St. Louis vs. Kansas City)

Jamie
    $800 21
That Is

Andrew
    $1000 18
Wyoming

Andrew
    $2,000 12
Percy Bysshe Shelley

Richard
    $1000 3
Ottoman Empire

Jamie
    $1000 13
A Faun

Triple Stumper
    $1000 10
(A: What is Mt. Vesuvius?)

Mount Etna

JamieAndrew
    $1000 20
"The Die is Cast"

Jamie

Scores at the end of the Double Jeopardy! Round:

Jamie Andrew Richard
$11,000 $3,900 $8,200

[wagering suggestions for these scores]

Final Jeopardy! Round responses

AMERICAN NOVELS
[All other contestants gather on stage.]
(Alex: Hope you enjoyed these past two weeks with the young people. We'll be back to our regular games on Monday. See you then!)
AndrewWhat is Huckleberry Finn?
$0
RichardWhat is The Adventures of Tom Sawyer?
$5,601
JamieWhat is The Prince & The Pauper?
$3,000
The Prince and the Pauper

Final scores:

Jamie Andrew Richard
$14,000 $3,900 $2,599

Cumulative scores:

Jamie Andrew Richard
$26,000 $15,400 $11,799
Tournament champion: $26,000 1st runner-up: $15,400 2nd runner-up: $11,799

Game dynamics:

Coryat scores:

Jamie Andrew Richard
$10,200 $3,900 $8,300
21 R
(including 1 DD),
1 W
13 R,
2 W
22 R
(including 1 DD),
2 W
(including 1 DD)

Combined Coryat: $22,400

[game clues] [game scores] [suggest correction]

Game tape date: 1990-01-07
The J! Archive is created by fans, for fans. Scraping, republication, monetization, and malicious use prohibited; this site may use cookies and collect identifying information. See terms. The Jeopardy! game show and all elements thereof, including but not limited to copyright and trademark thereto, are the property of Jeopardy Productions, Inc. and are protected under law. This website is not affiliated with, sponsored by, or operated by Jeopardy Productions, Inc. Join the discussion at JBoard.tv.